000 00981nam a22002657a 4500
999 _c1646
_d1646
003 AR-CdUCM
008 190227b ||||| |||| 00| 0 spa d
040 _aMUNICIPALIDAD PROVINCIAL DEL CUSCO
_cBIBLIOTECA MUNICIPAL DEL CUSCO
082 _a974.002 /
_bR21
100 _aRamírez Cabañas, Joaquín
_96126
245 _aAltamirano y el barón de Wagner :
_bun incidente diplomático en 1862 /
260 _aMéxico :
_bPorrua S.A.,
_c1970.
300 _a92 páginas ;
_c22 cm.
440 _aArchivo Histórico Diplomático Mexicano
_n N° 38
_96127
505 _a[Documentos varios]
650 _aAltamirano, Ignacio Manuel
_96128
650 _aWagner, Emil, Friherr Von
_96129
650 _aMéxico - Relaciones exteriores - Prusia
_96130
650 _aPrusia - Relaciones Exteriores - México
_96131
650 _aDocumentos de Archivo
_96132
650 _aArchivos
_96133
650 _aFuentes - Históricos
_96134
942 _2ddc
_cLIBROS
945 _alccs
_d2019-02-27